|
|
|
|
| LEADER |
00000nam0a2200000 4500 |
| 001 |
335819 |
| 005 |
20231102004806.0 |
| 035 |
|
|
|a (RuTPU)RU\TPU\book\362231
|
| 035 |
|
|
|a RU\TPU\book\276985
|
| 090 |
|
|
|a 335819
|
| 100 |
|
|
|a 20171003d1980 k y0rusy50 ca
|
| 101 |
0 |
|
|a rus
|
| 102 |
|
|
|a RU
|
| 105 |
|
|
|a a z 001zy
|
| 200 |
1 |
|
|a Принципы, оптимизация и системы разведки месторождений нефти и газа
|e сборник научных трудов
|f Западно-Сибирский научно-исследовательский геологоразведочный нефтяной институт (ЗапСибНИГНИ) ; под ред. Ю. П. Тихомирова
|h Вып. 159
|
| 210 |
|
|
|a Тюмень
|c ЗапСибНИГНИ
|d 1980
|
| 215 |
|
|
|a 124 с.
|c ил.
|
| 225 |
1 |
|
|a Труды ЗапСибНИГНИ
|v Вып. 159
|
| 320 |
|
|
|a Библиогр. в конце ст.
|
| 606 |
1 |
|
|a Нефтегазоносность
|x Поиски и разведка
|2 stltpush
|3 (RuTPU)RU\TPU\subj\45612
|9 64805
|
| 610 |
1 |
|
|a нефть
|
| 610 |
1 |
|
|a газ
|
| 610 |
1 |
|
|a месторождения
|
| 610 |
1 |
|
|a залежи
|
| 610 |
1 |
|
|a продуктивные пласты
|
| 610 |
1 |
|
|a подсчеты
|
| 610 |
1 |
|
|a разведочные скважины
|
| 610 |
1 |
|
|a Приобье
|
| 610 |
1 |
|
|a Сургут
|
| 610 |
1 |
|
|a газоконденсатные месторождения
|
| 610 |
1 |
|
|a Уренгойское месторождение
|
| 610 |
1 |
|
|a углеводородные месторождения
|
| 675 |
|
|
|a 553.98:550.8
|v 3
|
| 702 |
|
1 |
|a Тихомиров
|b Ю. П.
|4 340
|
| 712 |
0 |
2 |
|a Западно-Сибирский научно-исследовательский геологоразведочный нефтяной институт (ЗапСибНИГНИ)
|c (Тюмень)
|2 stltpush
|3 (RuTPU)RU\TPU\col\2064
|
| 801 |
|
1 |
|a RU
|b 63413507
|c 20140321
|
| 801 |
|
2 |
|a RU
|b 63413507
|c 20171004
|g RCR
|
| 942 |
|
|
|c BK
|